000 00588nam a2200205 a 4500
005 20260109063954.0
008 991125s1980 mx 000 0 spa u
020 _a9688670081
035 _aUPN01000016421
049 _aCG
050 4 _aHD51
_bD8.38 1980
100 1 _aDurkheim, Emile,
_d1858-1917
245 1 3 _aLa división del trabajo social /
_cEmile Durkheim ; tr. Carlos G. Posada.
250 _a2a ed.
260 _aMéxico :
_bColofón,
_c[1980?].
300 _a440 p.
650 2 _aDivisión del trabajo
_914959
650 4 _aTrabajo y trabajadores
_96124
905 _aLibro
999 _c16421
_d16421